Cuentos [de Juan Benet] /

Uloženo v:
Podrobná bibliografie
Hlavní autor: Benet, Juan (autor)
Médium: Kniha
Jazyk:španělština
Vydáno: Madrid, España : Espasa-Calpe, 1999, c1999
Edice:(Narrativa del Siglo XX en Lengua Castellana)
Témata:
Tagy: Přidat tag
Žádné tagy, Buďte první, kdo vytvoří štítek k tomuto záznamu!

MARC

LEADER 00000nam^a2200000^a^4500
001 000184587
005 20250521000000.0
009 20260310102119.716
020 |a 84-239-9498-8 
037 |a Acervo ITESO - Biblioteca 
041 |a ESP 
082 |a 863.  |b BEN 
100 |a Benet, Juan  |e (autor) 
240 1 1 |a [Nunca llegarás a nada] 
240 1 1 |a [Sub rosa] 
240 1 1 |a [Viator] 
240 1 1 |a [Syllabus, de Juan Benet] 
240 1 1 |a [Así era entonces] 
240 1 5 |a [Una línea incompleta] 
240 1 4 |a [El demonio de la paridad] 
245 1 0 |a Cuentos [de Juan Benet] /  |c J. Benet. 
264 4 |a Madrid, España :  |b Espasa-Calpe,  |c 1999, c1999 
300 |a 164 p. 
336 |a texto  |b txt  |2 rdacontenido 
337 |a sin mediación  |b n  |2 rdamedio 
338 |a volumen  |b nc  |2 rdasoporte 
440 1 |a (Narrativa del Siglo XX en Lengua Castellana) 
545 0 |a Juan Benet (Madrid, 1927-1993), uno de los mayores escritores de lengua española del siglo XX, comparado con Marcel Proust, James Joyce y William Faulkner. Estudió Ingeniería de caminos, profesión que ejerció paralelamente a la literatura. Después de obras de teatro como Max (1953) y Anastas o el origen de la Constitución (1958) y el volumen de cuentos Nunca llegarás a nada (1961), alcanzó el reconocimiento crítico con las novelas Volverás a Región (1967) y Una meditación (1970, Premio Biblioteca Breve 1969). Alejado de las corrientes literarias de la época, fue considerado un autor "incorrecto" por su singularidad y su concepción de la literatura como un arte fundamentalmente de estilo. También figuran entre sus novelas Un viaje de invierno (1972), La otra casa de Mazón (1973), Saúl ante Samuel (1980), El aire de un crimen (1980, finalista del Premio Planeta) –policíaco adaptado por el cineasta Antonio Isasi-Isasmendi (1988)-, En la penumbra (1989), El caballero de Sajonia (1991) y el ciclo de Herrumbrosas lanzas (1983-86), completado póstumamente (1998), a los que se suma el libro de relatos Una tumba (1971), con imágenes de la fotógrafa barcelonesa "Colita". Hijo menor de un abogado fusilado en la zona republicana en 1936, algunos de sus ensayos son La inspiración y el estilo (1966), Puerta de tierra (1970), El ángel del Señor abandona a Tobías (1976), Qué fue la Guerra civil (1976), muy citado por estudiosos no españoles del conflicto, y La construcción de la torre de Babel (1990). 
649 |a XX 
650 |a Cuentos Españoles 
650 |a Literatura Española -  |y Siglo XX 
910 |a Fondo General 
920 |a Impresos - Libros 
930 |a Colección General 
940 |a Literatura 
905 |a 101 
901 |a 0500125493  |b IT1  |c LIT  |u 20250521 
902 |a https://opac.biblio.iteso.mx/vufind/Record/000184587